Countries with Free Education - Statistics

General Stats
  • This quiz has been taken 558 times
  • The average score is 19 of 42
Answer Stats
Countries % Correct
Sweden
89%
Norway
87%
Finland
85%
Germany
85%
Denmark
80%
France
79%
Spain
77%
Italy
75%
Russia
73%
Ireland
69%
Poland
64%
Greece
61%
Argentina
60%
Brazil
60%
Estonia
54%
India
54%
Venezuela
46%
Turkey
45%
Iran
43%
Egypt
42%
Peru
42%
Saudi Arabia
42%
Cuba
40%
United Arab Emirates
40%
Uruguay
40%
Ecuador
37%
Oman
37%
Algeria
36%
Kuwait
36%
Pakistan
34%
Malta
33%
Morocco
33%
Tunisia
26%
Nepal
17%
Sri Lanka
17%
Bhutan
14%
Kenya
13%
Fiji
10%
Barbados
8%
Somalia
7%
Trinidad and Tobago
6%
Mauritius
4%
No matching quizzes found
Score Distribution
Percent of People with Each Score
Percentile by Number Answered
Your Score History
You have not taken this quiz